| 000 | 00713nam a22002057a 4500 | ||
|---|---|---|---|
| 999 |
_c11357 _d11357 |
||
| 003 | AR-CdUCM | ||
| 008 | 190403b ||||| |||| 00| 0 spa d | ||
| 040 |
_aMUNICIPALIDAD PROVINCIAL DEL CUSCO _cBIBLIOTECA MUNICIPAL DEL CUSCO |
||
| 082 |
_a920.3 / _bJ11 / 1855 |
||
| 100 |
_aJ.R., D. _928684 |
||
| 245 | _aDiccionario biográfico universal: que contiene la vida de los personajes históricos de todos los países y de todos los tiempos / | ||
| 260 |
_aGerona : _bLibreria de D. N. Grases, _c1855. |
||
| 300 |
_a1154 páginas ; _c25 cm. |
||
| 505 | _aDiccionario Universal | ||
| 650 |
_aDiccionario _95196 |
||
| 650 |
_aBiografías _9148 |
||
| 650 |
_aUniversal _918236 |
||
| 942 |
_2ddc _cLIBROS |
||
| 945 | _aacv | ||